[Event "Stay Safe Play From Home 141"]
[Site "T#645952Emanuel Laske"]
[Date "2020.05.11"]
[Round "6"]
[White "Indianquant"]
[Black "Haris kollari 13"]
[Result "1-0"]
[WhiteElo "2233"]
[BlackElo "1903"]
[Annotator "TA"]
[PlyCount "107"]
[EventDate "2020.05.11"]
[EventType "swiss (blitz)"]

{[%evp 9,107,42,52,42,55,32,116,95,129,112,120,120,132,127,120,122,181,139,130,141,213,181,186,134,133,123,274,133,274,233,267,270,270,268,231,263,233,125,281,22,20,-21,291,202,206,192,322,133,229,230,272,184,187,212,596,579,532,491,467,448,640,616,962,966,952,894,900,873,890,670,1575,1638,1336,1141,2633,2191,4798,1486,1361,1113,29974,29974,29967,29966,29977,29978,29987,29988,29988,29989,29989,29990,29990,29991,29991,29992,29992,29993,29993,29993]} 1. Nf3 e6 2. c4 b6 3. g3 Bb7 4. Bg2 Nc6 5. O-O Nf6 6. d4 {A13: English Opening: 1...e6.} Be7 7. d5 exd5 (7... Na5 $1 $14) 8. cxd5 $16 {White is better.} Nb8 9. Nc3 d6 10. Nd4 O-O 11. b3 {[#]} Re8 $146 ({Predecessor:} 11... Na6 12. Bb2 Re8 13. Rc1 Qd7 14. a3 Nc5 15. b4 Na6 16. Qd3 Nb8 17. Nf5 Bf8 {1-0 (26) Dubov,D (2629)-Strojek,K (1752) Warsaw 2013}) 12. Bb2 Nfd7 (12... a5 $16) 13. Qc2 Bf6 14. Rfd1 Ne5 (14... a5 $16) 15. h3 Nbd7 16. f4 ({White should play} 16. Nc6 $18 Qc8 17. Ne4) 16... Ng6 17. e4 Rc8 $2 (17... a5 $16) 18. b4 (18. Nc6 $18 {and White stays clearly on top.} Bxc6 19. dxc6) 18... c6 (18... Bxd4+ $16 {is a better defense.} 19. Rxd4 a5) 19. dxc6 Bxc6 20. Nxc6 {[%mdl 64] Discovered Attack} Rxc6 {[#]} 21. e5 $1 {[%mdl 512]} Rxc3 (21... dxe5 22. Bxc6) 22. Bxc3 (22. Qxc3 dxe5 23. Qd2 Ngf8) 22... dxe5 23. Qa4 (23. Bc6 $18 Re7 24. Rac1) 23... Re7 $2 (23... Ngf8 $16) 24. Bc6 $2 (24. Qxa7 $6 exf4 25. Bxf6 gxf6 $16) (24. f5 $18 Ngf8 25. Qxa7) 24... Qc7 $11 25. Rac1 Ndf8 $2 {[%mdl 8192] Black is on the road to losing.} (25... exf4 $11 {and Black stays safe.} 26. Bxf6 (26. Bxd7 $2 f3 $19) 26... Nxf6) 26. f5 e4 27. Kg2 Bxc3 (27... Ne5 $142 28. Bd4 (28. Bxe4 Nc4 $17) 28... Nd3 29. Bxf6 gxf6) 28. Rxc3 (28. fxg6 $18 {is the precise move to win.} hxg6 29. Rxc3) 28... Ne5 (28... Qe5 $16 29. Qc2 Qxf5) 29. b5 $18 e3 30. Qf4 e2 31. Re1 Nxc6 $2 (31... Qd8) 32. Qxc7 ({Less strong is} 32. Rxc6 Qd7 $16) 32... Rxc7 33. Rxc6 {[%mdl 4096] Endgame KRR-KRN} Re7 34. Kf2 f6 (34... Re5 $142 35. g4 Rxb5 36. Rxe2 h5) 35. Rxe2 Rxe2+ 36. Kxe2 {KR-KN} Nd7 37. Rc8+ Kf7 38. Rc7 Ke8 39. Rxa7 g6 40. fxg6 hxg6 41. a4 Nc5 42. a5 bxa5 43. Rxa5 (43. b6 $142 Kd8 44. Rxa5) 43... Kd7 44. h4 f5 45. Ra7+ {White mates.} Kd6 46. Rg7 Ne4 47. Rxg6+ Kc5 48. b6 Nc3+ 49. Kf3 Nb5 50. b7 Nd4+ 51. Kf4 Nc6 {[#]} 52. Rxc6+ $1 {[%mdl 64] Remove Defender, Promotion} Kxc6 53. b8=Q Kd5 54. Qe5+ {Accuracy: White = 61%, Black = 30%.} 1-0

[Event "Stay Safe Play From Home 141"]
[Site "T#645952Emanuel Laske"]
[Date "2020.05.11"]
[Round "6"]
[White "Lamborghini"]
[Black "Patzeroglu"]
[Result "1-0"]
[WhiteElo "2217"]
[BlackElo "1802"]
[Annotator "TA"]
[PlyCount "95"]
[EventDate "2020.05.11"]
[EventType "swiss (blitz)"]

{[%evp 10,95,34,28,36,28,29,37,34,26,39,9,13,10,42,31,75,18,37,27,20,22,82,90,91,97,134,136,118,84,107,91,382,114,114,110,169,148,175,115,171,0,173,89,163,164,182,175,424,339,843,382,1559,77,75,75,81,76,135,135,237,228,308,118,360,320,335,376,440,440,454,446,540,411,540,540,29973,29972,5539,540,540,540,540,540,540,540,540,540]} 1. e4 c5 2. Nf3 Nf6 3. e5 Nd5 4. b3 Nc6 5. Bb2 e6 6. g3 d6 {B40: Sicilian: 2...e6, Unusual lines.} 7. exd6 Nf6 8. Bg2 Bxd6 {White is slightly better.} 9. O-O O-O 10. d4 cxd4 11. Nxd4 Nxd4 {[#]} 12. Qxd4 $146 ({Predecessor:} 12. Bxd4 e5 13. Bb2 Bg4 14. Qe1 Qe7 15. c4 Rad8 16. Nc3 Bb4 17. a3 Bc5 18. h3 {½-½ (30) Vallejo Diaz,J (2277)-Llaneza Vega,M (2514) Leon 2010}) 12... Qc7 13. c4 (13. Qc3 $16) 13... e5 14. Qe3 Bd7 15. Nc3 Bc6 (15... Bc5 $11 {keeps the balance.} 16. Qf3 Bc6) 16. Nb5 $16 Bxb5 17. cxb5 Rad8 18. Rac1 (18. Qxa7 $6 Qc2 $11) 18... Qb8 19. a4 Nd7 20. Rfd1 Nc5 $2 {[%mdl 8192] [#]} (20... b6 $16) 21. Bd5 $2 (21. Rxc5 Bxc5 22. Rxd8 Bxe3 $18) (21. Rxd6 $1 $18 {[%mdl 512]} Qxd6 22. Rxc5) 21... b6 22. Rd2 $36 {[%mdl 2048] White has strong initiative.} Bc7 (22... Nd7 $16 {keeps fighting.} 23. Qg5 Nc5) 23. Rcd1 Kh8 24. Ba3 (24. Qf3 $18) 24... Bd6 (24... f6 $16 25. b4 (25. Bxc5 bxc5 26. Qxc5 Bb6 $16) 25... Nb7) 25. Bb2 Bc7 $1 26. a5 ({Better is} 26. Qf3 $18) 26... f5 (26... f6 $16) 27. a6 $18 f4 28. Qe2 e4 $2 (28... fxg3 {was called for.} 29. hxg3 h6) 29. b4 Nd3 $2 (29... f3 30. Qe3 Na4) 30. Bxe4 (30. Rxd3 $142 Rfe8 31. Bxe4 Rxd3 32. Qxd3) 30... Nxb2 $2 {[#]} (30... f3 31. Bxf3 Nxb2 32. Rxb2 Rfe8) 31. Rxd8 $2 ({Not} 31. Rxb2 Rxd1+ 32. Qxd1 Qe8 $16) (31. Qh5 $1 $18 {[%csl Ge4][%cal Rh5h7][%mdl 512] is the precise move to win.} g6 32. Bxg6) 31... Rxd8 $16 32. Rxd8+ Qxd8 33. Qxb2 fxg3 ({Black should try} 33... Bd6) 34. hxg3 ({Don't do} 34. fxg3 $6 Qe7 $11) 34... h5 (34... Bd6 $16 {might work better.} 35. Qd4 Qe7) 35. Qe2 Qg5 36. Bf3 $2 (36. Bc2 $18 {[%cal Re2e8]} Qe5 37. Qc4) 36... Bxg3 $2 (36... Qe5 $16) 37. fxg3 $18 ({Don't play} 37. Qe8+ Kh7 $18) 37... Qxg3+ 38. Kf1 {White threatens Qe8+ and mate.} Qh3+ 39. Ke1 {Qe8+ would kill now.} Qh4+ 40. Kd1 {White wants to mate with Qe8+.} Qd4+ 41. Qd2 Qxd2+ 42. Kxd2 {[%mdl 4096] Endgame KB-KP} g6 43. Ke3 Kg7 44. Kf4 (44. Kd4 $142 {aiming for Kd5.} Kh6 45. Kd5) 44... Kf6 45. Kg3 Kg5 46. Bc6 Kf6 47. Be8 Kg5 48. Kf3 {Accuracy: White = 58%, Black = 35%.} 1-0

[Event "Stay Safe Play From Home 141"]
[Site "T#645952Emanuel Laske"]
[Date "2020.05.11"]
[Round "6"]
[White "Chase the sun"]
[Black "Lazieri3"]
[Result "0-1"]
[WhiteElo "1888"]
[BlackElo "2100"]
[PlyCount "90"]
[EventDate "2020.05.11"]
[EventType "swiss (blitz)"]

1. e4 {[%emt 0:00:11]} c6 {[%emt 0:00:00]} 2. d4 {[%emt 0:00:02]} d5 {[%emt 0:00:00]} 3. exd5 {[%emt 0:00:01]} cxd5 {[%emt 0:00:01]} 4. Bd3 {[%emt 0:00:00]} Nc6 {[%emt 0:00:00]} 5. c3 {[%emt 0:00:02]} Nf6 {[%emt 0:00:01]} 6. Bf4 {[%emt 0:00:01]} Bg4 {[%emt 0:00:00]} 7. Qb3 {[%emt 0:00:01]} Qb6 {[%emt 0:00:00]} 8. Qxb6 {[%emt 0:00:02]} axb6 {[%emt 0:00:00]} 9. f3 {[%emt 0:00:00]} Bh5 {[%emt 0:00:02]} 10. g4 {[%emt 0:00:01]} Bg6 {[%emt 0:00:01]} 11. Kd2 {[%emt 0:00:01]} Bxd3 {[%emt 0:00:01]} 12. Kxd3 {[%emt 0:00:00]} e6 {[%emt 0:00:00]} 13. Nd2 {[%emt 0:00:08]} Kd7 {[%emt 0:00:01]} 14. h3 {[%emt 0:00:03]} b5 {[%emt 0:00:01]} 15. Ne2 {[%emt 0:00:03]} b4 {[%emt 0:00:01]} 16. c4 {[%emt 0:00:05]} Bd6 {[%emt 0:00:19]} 17. Bxd6 {[%emt 0:00:03]} Kxd6 {[%emt 0:00:00]} 18. c5+ {[%emt 0:00:01]} Kc7 {[%emt 0:00:01]} 19. f4 {[%emt 0:00:06]} b6 {[%emt 0:00:01]} 20. cxb6+ {[%emt 0:00:04]} Kxb6 {[%emt 0:00:01]} 21. Nb3 {[%emt 0:00:06]} Ne4 {[%emt 0:00:03]} 22. Rhf1 {[%emt 0:00:05]} Na5 {[%emt 0:00:06]} 23. Nd2 {[%emt 0:00:01]} Nxd2 {[%emt 0:00:06]} 24. Kxd2 {[%emt 0:00:01]} Rhc8 {[%emt 0:00:02]} 25. b3 {[%emt 0:00:04]} Rc6 {[%emt 0:00:05]} 26. f5 {[%emt 0:00:01]} Rac8 {[%emt 0:00:01]} 27. Rac1 {[%emt 0:00:02]} Nb7 {[%emt 0:00:24]} 28. Rxc6+ {[%emt 0:00:05]} Rxc6 {[%emt 0:00:01]} 29. fxe6 {[%emt 0:00:02]} fxe6 {[%emt 0:00:01]} 30. Rf7 {[%emt 0:00:01]} Rc7 {[%emt 0:00:01]} 31. Rxc7 {[%emt 0:00:06]} Kxc7 {[%emt 0:00:00]} 32. Nf4 {[%emt 0:00:03]} Nd8 {[%emt 0:00:20]} 33. Kc2 {[%emt 0:00:07]} Kd6 {[%emt 0:00:04]} 34. Kb2 {[%emt 0:00:03]} Nc6 {[%emt 0:00:03]} 35. Ne2 {[%emt 0:00:04]} e5 {[%emt 0:00:01]} 36. dxe5+ {[%emt 0:00:02]} Kxe5 {[%emt 0:00:00]} 37. a3 {[%emt 0:00:01]} bxa3+ {[%emt 0:00:00]} 38. Kxa3 {[%emt 0:00:00]} d4 {[%emt 0:00:06]} 39. Nc1 {[%emt 0:00:13]} Ke4 {[%emt 0:00:02]} 40. b4 {[%emt 0:00:05]} d3 {[%emt 0:00:04]} 41. Nb3 {[%emt 0:00:01]} Nd4 {[%emt 0:00:07]} 42. Nd2+ {[%emt 0:00:06]} Ke3 {[%emt 0:00:01]} 43. Nc4+ {[%emt 0:00:01]} Ke2 {[%emt 0:00:02]} 44. Kb2 {[%emt 0:00:07]} d2 {[%emt 0:00:06]} 45. Nxd2 {[%emt 0:00:03]} Kxd2 {[%emt 0:00:00] Chase the sun gibt auf (Lag: Av=0.73s, max=1.7s)} 0-1

[Event "Stay Safe Play From Home 141"]
[Site "T#645952Emanuel Laske"]
[Date "2020.05.11"]
[Round "6"]
[White "Spouyu"]
[Black "Schachidiot"]
[Result "0-1"]
[WhiteElo "1759"]
[BlackElo "1919"]
[PlyCount "68"]
[EventDate "2020.05.11"]
[EventType "swiss (blitz)"]

1. e4 {[%emt 0:00:02]} d6 {[%emt 0:00:08]} 2. d4 {[%emt 0:00:01]} Nf6 {[%emt 0:00:00]} 3. Nc3 {[%emt 0:00:01]} g6 {[%emt 0:00:00]} 4. Nf3 {[%emt 0:00:02]} c6 {[%emt 0:00:00]} 5. Bc4 {[%emt 0:00:02]} b5 {[%emt 0:00:01]} 6. Bd3 {[%emt 0:00:01]} Nbd7 {[%emt 0:00:02]} 7. O-O {[%emt 0:00:03]} e5 {[%emt 0:00:01]} 8. Be3 {[%emt 0:00:04]} Bg7 {[%emt 0:00:02]} 9. a4 {[%emt 0:00:04]} b4 {[%emt 0:00:02]} 10. Ne2 {[%emt 0:00:01]} O-O {[%emt 0:00:02]} 11. c3 {[%emt 0:00:01]} a5 {[%emt 0:00:02]} 12. Rc1 {[%emt 0:00:08]} Qe7 {[%emt 0:00:07]} 13. Ng3 {[%emt 0:00:09]} bxc3 {[%emt 0:00:07]} 14. bxc3 {[%emt 0:00:07]} d5 {[%emt 0:00:04]} 15. exd5 {[%emt 0:00:04]} Nxd5 {[%emt 0:00:02]} 16. Bc4 {[%emt 0:00:06]} Nxe3 {[%emt 0:00:02]} 17. fxe3 {[%emt 0:00:01]} Nb6 {[%emt 0:00:08]} 18. Ba2 {[%emt 0:00:03]} Qa3 {[%emt 0:00:08]} 19. Qc2 {[%emt 0:00:05]} Nxa4 {[%emt 0:00:09]} 20. Nxe5 {[%emt 0:00:05]} Bxe5 {[%emt 0:00:03]} 21. dxe5 {[%emt 0:00:01]} Nxc3 {[%emt 0:00:04]} 22. Qxc3 {[%emt 0:00:07]} Qxa2 {[%emt 0:00:02]} 23. Qxc6 {[%emt 0:00:01]} Ba6 {[%emt 0:00:15]} 24. Rf2 {[%emt 0:00:01]} Qe6 {[%emt 0:00:15]} 25. Qxe6 {[%emt 0:00:05]} fxe6 {[%emt 0:00:00]} 26. Rc6 {[%emt 0:00:05]} Rfc8 {[%emt 0:00:11]} 27. Rfc2 {[%emt 0:00:07]} Kf7 {[%emt 0:00:10]} 28. Rxc8 {[%emt 0:00:03]} Rxc8 {[%emt 0:00:02]} 29. Rxc8 {[%emt 0:00:02]} Bxc8 {[%emt 0:00:00]} 30. Kf2 {[%emt 0:00:01]} a4 {[%emt 0:00:01]} 31. Ne4 {[%emt 0:00:01]} a3 {[%emt 0:00:02]} 32. Nc3 {[%emt 0:00:02]} Ba6 {[%emt 0:00:01]} 33. Ke1 {[%emt 0:00:02]} Bc4 {[%emt 0:00:01]} 34. Kd2 {[%emt 0:00:03]} a2 {[%emt 0:00:01] Spouyu resigns (Lag: Av=0.60s, max=1.0s)} 0-1

[Event "Stay Safe Play From Home 141"]
[Site "T#645952Emanuel Laske"]
[Date "2020.05.11"]
[Round "6"]
[White "Timbre"]
[Black "Edmatuag"]
[Result "0-1"]
[WhiteElo "1595"]
[BlackElo "1743"]
[Annotator "NA"]
[PlyCount "118"]
[EventDate "2020.05.11"]
[EventType "swiss (blitz)"]

1. d4 {[%emt 0:00:17]} e6 {[%emt 0:00:02]} 2. Nf3 {[%emt 0:00:01]} b6 {[%emt 0:00:03]} 3. c3 {[%emt 0:00:01]} Bb7 {[%emt 0:00:01]} 4. Bf4 {[%emt 0:00:01]} Bd6 {[%emt 0:00:05]} 5. Bg3 {[%emt 0:00:02]} Ne7 {[%emt 0:00:04]} 6. e3 {[%emt 0:00:01]} Nf5 {[%emt 0:00:38]} 7. Nbd2 {[%emt 0:00:02]} Nxg3 {[%emt 0:00:02]} 8. hxg3 {[%emt 0:00:02]} h6 {[%emt 0:00:00]} 9. Be2 {[%emt 0:00:01]} Qe7 {[%emt 0:00:01]} 10. e4 {[%emt 0:00:01]} c5 {[%emt 0:00:05]} 11. e5 {[%emt 0:00:03]} Bc7 {[%emt 0:00:01]} 12. Kf1 {[%emt 0:00:06]} cxd4 {[%emt 0:00:02]} 13. Nxd4 {[%emt 0:00:05]} Bxe5 {[%emt 0:00:03]} 14. N2f3 {[%emt 0:00:03]} Bf6 {[%emt 0:00:02]} 15. Kg1 {[%emt 0:00:04]} Nc6 {[%emt 0:00:01]} 16. Nxc6 {[%emt 0:00:02]} Bxc6 {[%emt 0:00:01]} 17. Nd4 {[%emt 0:00:03]} Bb7 {[%emt 0:00:02]} 18. Bf3 {[%emt 0:00:02]} Bxf3 {[%emt 0:00:02]} 19. gxf3 {[%emt 0:00:02]} O-O {[%emt 0:00:02]} 20. Kg2 {[%emt 0:00:02]} Bxd4 {[%emt 0:00:01]} 21. Qxd4 {[%emt 0:00:02]} d5 {[%emt 0:00:04]} 22. Rae1 {[%emt 0:00:03]} Qg5 {[%emt 0:00:05]} 23. Re5 {[%emt 0:00:07]} Qg6 {[%emt 0:00:01]} 24. Re2 {[%emt 0:00:11]} Rac8 {[%emt 0:00:02]} 25. Rhe1 {[%emt 0:00:03]} Rc4 {[%emt 0:00:02]} 26. Qd2 {[%emt 0:00:02]} Rd8 {[%emt 0:00:03]} 27. a3 {[%emt 0:00:03]} d4 {[%emt 0:00:02]} 28. cxd4 {[%emt 0:00:03]} Rcxd4 {[%emt 0:00:01]} 29. Qc3 {[%emt 0:00:03]} Rd3 {[%emt 0:00:02]} 30. Qc4 {[%emt 0:00:04]} Qf5 {[%emt 0:00:05]} 31. Re3 {[%emt 0:00:04]} Rxe3 {[%emt 0:00:02]} 32. Rxe3 {[%emt 0:00:02]} Qd5 {[%emt 0:00:01]} 33. Qa6 {[%emt 0:00:02]} Rd7 {[%emt 0:00:02]} 34. Qc8+ {[%emt 0:00:02]} Kh7 {[%emt 0:00:01]} 35. Qc2+ {[%emt 0:00:02]} g6 {[%emt 0:00:01]} 36. Qc3 {[%emt 0:00:03]} Qd4 {[%emt 0:00:03]} 37. Qb3 {[%emt 0:00:02]} Kg7 {[%emt 0:00:02]} 38. Qb5 {[%emt 0:00:04]} Qd5 {[%emt 0:00:03]} 39. Qb4 {[%emt 0:00:02]} f6 {[%emt 0:00:01]} 40. Qe1 {[%emt 0:00:03]} Kf7 {[%emt 0:00:01]} 41. Qh1 {[%emt 0:00:02]} h5 {[%emt 0:00:01]} 42. Qh4 {[%emt 0:00:02]} Qg5 {[%emt 0:00:03]} 43. Qc4 {[%emt 0:00:05]} Qf5 {[%emt 0:00:02]} 44. Qc8 {[%emt 0:00:04]} e5 {[%emt 0:00:03]} 45. Qh8 {[%emt 0:00:04]} Ke6 {[%emt 0:00:03]} 46. Qg8+ {[%emt 0:00:01]} Rf7 {[%emt 0:00:03]} 47. Qe8+ {[%emt 0:00:05]} Re7 {[%emt 0:00:02]} 48. Qg8+ {[%emt 0:00:02]} Kd6 {[%emt 0:00:02]} 49. Qd8+ {[%emt 0:00:02]} Qd7 {[%emt 0:00:03]} 50. Qb8+ {[%emt 0:00:07]} Ke6 {[%emt 0:00:02]} 51. Qg8+ {[%emt 0:00:02]} Rf7 {[%emt 0:00:01]} 52. Qa8 {[%emt 0:00:05]} f5 {[%emt 0:00:03]} 53. Rc3 {[%emt 0:00:04]} Kf6 {[%emt 0:00:02]} 54. Qh8+ {[%emt 0:00:03]} Kg5 {[%emt 0:00:03]} 55. Qb8 {[%emt 0:00:02]} e4 {[%emt 0:00:02]} 56. f4+ {[%emt 0:00:02]} Kh6 {[%emt 0:00:01]} 57. Qh8+ {[%emt 0:00:01]} Rh7 {[%emt 0:00:01]} 58. Qf8+ {[%emt 0:00:01]} Qg7 {[%emt 0:00:01]} 59. Qd6 {[%emt 0:00:02]} h4 {[%emt 0:00:03] Time (Lag: Av=0.34s, max=1.3s) .} 0-1

[Event "Stay Safe Play From Home 141"]
[Site "T#645952Emanuel Laske"]
[Date "2020.05.11"]
[Round "6"]
[White "Mandy"]
[Black "matanant"]
[Result "0-1"]
[WhiteElo "966"]
[BlackElo "1596"]
[Annotator "NA"]
[PlyCount "40"]
[EventDate "2020.05.11"]
[EventType "swiss (blitz)"]

1. d4 {[%emt 0:00:03]} e6 {[%emt 0:00:02]} 2. Bf4 {[%emt 0:00:00]} f5 {[%emt 0:00:07]} 3. e3 {[%emt 0:00:02]} Nf6 {[%emt 0:00:01]} 4. Nf3 {[%emt 0:00:01]} d5 {[%emt 0:00:02]} 5. h3 {[%emt 0:00:01]} Bd6 {[%emt 0:00:02]} 6. Bxd6 {[%emt 0:00:08]} Qxd6 {[%emt 0:00:02]} 7. Bd3 {[%emt 0:00:01]} O-O {[%emt 0:00:02]} 8. c3 {[%emt 0:00:01]} c5 {[%emt 0:00:01]} 9. Nbd2 {[%emt 0:00:00]} c4 {[%emt 0:00:01]} 10. Bc2 {[%emt 0:00:06]} b5 {[%emt 0:00:02]} 11. b4 {[%emt 0:00:10]} Bd7 {[%emt 0:00:14]} 12. O-O {[%emt 0:00:02]} Nc6 {[%emt 0:00:01]} 13. Qe2 {[%emt 0:00:16]} a5 {[%emt 0:00:02]} 14. a4 {[%emt 0:00:14]} axb4 {[%emt 0:00:07]} 15. e4 {[%emt 0:00:28]} fxe4 {[%emt 0:00:03]} 16. Ne5 {[%emt 0:00:09]} bxc3 {[%emt 0:00:15]} 17. Nb1 {[%emt 0:00:19]} Nxd4 {[%emt 0:00:03]} 18. Qd1 {[%emt 0:00:13]} Qxe5 {[%emt 0:00:03]} 19. f4 {[%emt 0:00:08]} exf3 {[%emt 0:00:05]} 20. Na3 {[%emt 0:00:32]} b4 {[%emt 0:00:03] Zeit (Lag: Av=0.85s, max=2.8s)} 0-1

[Event "Stay Safe Play From Home 141"]
[Site "T#645952Emanuel Laske"]
[Date "2020.05.11"]
[Round "7"]
[White "Little champs"]
[Black "Mandy"]
[Result "1-0"]
[WhiteElo "2203"]
[BlackElo "965"]
[Annotator "TA"]
[PlyCount "49"]
[EventDate "2020.05.11"]
[EventType "swiss (blitz)"]

{[%evp 9,49,25,23,22,316,308,375,370,370,368,374,396,389,382,411,413,404,404,412,410,402,387,403,395,448,420,495,467,953,945,1108,1082,1164,1061,1052,1060,1216,1216,1182,1163,1127,1081]} 1. d4 d5 2. e3 c6 3. Nf3 Bg4 4. h3 Bh5 5. g4 Bg6 6. Ne5 {[#] D02: 1 d4 d5 2 Nf3 sidelines, including 2...Nf6 3 g3 and 2...Nf6 3 Bf4.} Bxc2 $146 {[%mdl 8192] [#]} (6... Nd7 $11) ({Predecessor:} 6... Nd7 7. Nxg6 hxg6 8. c4 e6 9. Nc3 a6 10. Bd2 b5 11. c5 e5 12. b4 Be7 {1-0 (33) Kempinski,R (2597)-Jirovsky,M (2475) Czechia 2010}) 7. Qxc2 $18 f6 8. Nf3 {White is winning.} e6 9. Nc3 Bb4 10. Bd3 Ne7 11. Bxh7 Nd7 12. Bg6+ Kf8 13. Bd2 Nxg6 14. Qxg6 Qe8 15. Qxe8+ Rxe8 16. Ke2 c5 17. dxc5 Nxc5 18. Rac1 {White is clearly winning.} Ne4 (18... b6 $142 19. Nb5 Bxd2) 19. Nxe4 {[%mdl 64] [#] Discovered Attack} dxe4 20. Bxb4+ Kf7 21. Nd4 Rc8 22. Nb5 Rxc1 23. Rxc1 a6 24. Nd6+ Kg6 25. Nxe4 {White took control after the opening. Accuracy: White = 100%, Black = 38%.} 1-0

[Event "Stay Safe Play From Home 141"]
[Site "T#645952Emanuel Laske"]
[Date "2020.05.11"]
[Round "7"]
[White "Schachidiot"]
[Black "matanant"]
[Result "1-0"]
[WhiteElo "1928"]
[BlackElo "1597"]
[PlyCount "51"]
[EventDate "2020.05.11"]
[EventType "swiss (blitz)"]

1. e4 {[%emt 0:00:04]} e5 {[%emt 0:00:01]} 2. Nf3 {[%emt 0:00:01]} d5 {[%emt 0:00:02]} 3. d4 {[%emt 0:00:03]} dxe4 {[%emt 0:00:01]} 4. Nxe5 {[%emt 0:00:01]} Bd6 {[%emt 0:00:01]} 5. f4 {[%emt 0:00:02]} exf3 {[%emt 0:00:02]} 6. Nxf3 {[%emt 0:00:01]} Bg4 {[%emt 0:00:02]} 7. Be2 {[%emt 0:00:01]} Nf6 {[%emt 0:00:02]} 8. O-O {[%emt 0:00:01]} O-O {[%emt 0:00:01]} 9. Bg5 {[%emt 0:00:02]} h6 {[%emt 0:00:02]} 10. Bh4 {[%emt 0:00:08]} c6 {[%emt 0:00:01]} 11. Ne5 {[%emt 0:00:07]} Bxe2 {[%emt 0:00:03]} 12. Qxe2 {[%emt 0:00:01]} Re8 {[%emt 0:00:13]} 13. Bxf6 {[%emt 0:00:07]} gxf6 {[%emt 0:00:06]} 14. Qg4+ {[%emt 0:00:01]} Kf8 {[%emt 0:00:02]} 15. Nf3 {[%emt 0:00:02]} Qc8 {[%emt 0:00:04]} 16. Qh5 {[%emt 0:00:05]} Bf4 {[%emt 0:00:05]} 17. Nc3 {[%emt 0:00:05]} Qe6 {[%emt 0:00:28]} 18. Rae1 {[%emt 0:00:05]} Be3+ {[%emt 0:00:01]} 19. Kh1 {[%emt 0:00:01]} f5 {[%emt 0:00:04]} 20. Rxe3 {[%emt 0:00:19]} Qxe3 {[%emt 0:00:02]} 21. Ne5 {[%emt 0:00:04]} Rxe5 {[%emt 0:00:09]} 22. dxe5 {[%emt 0:00:04]} Qxe5 {[%emt 0:00:02]} 23. Qxh6+ {[%emt 0:00:01]} Ke7 {[%emt 0:00:08]} 24. Qh4+ {[%emt 0:00:02]} Kd7 {[%emt 0:00:06]} 25. Rd1+ {[%emt 0:00:02]} Kc7 {[%emt 0:00:03]} 26. Qd8# {[%emt 0:00:02] (Lag: Av=0.66s, max=1.2s)} 1-0

[Event "Stay Safe Play From Home 141"]
[Site "T#645952Emanuel Laske"]
[Date "2020.05.11"]
[Round "7"]
[White "Haris kollari 13"]
[Black "Lamborghini"]
[Result "0-1"]
[WhiteElo "1899"]
[BlackElo "2220"]
[Annotator "TA"]
[PlyCount "82"]
[EventDate "2020.05.11"]
[EventType "swiss (blitz)"]

{[%evp 14,81,7,-13,0,-11,45,39,38,14,16,27,48,32,44,25,62,54,104,-35,-35,-31,0,-144,-65,-175,-14,-30,99,0,2,-323,-309,-313,-300,-314,-310,-362,-357,-336,-315,-304,-270,-324,-237,-425,-409,-569,-564,-546,-547,-756,-741,-1507,-1420,-3139,-2797,-29990,-29991,-29994,-29988,-29994,-29993,-29997,-29998,-29998,-29998,-29998,-29999,-29999]} 1. e4 c5 2. Nf3 d6 3. d4 cxd4 4. Nxd4 Nf6 5. Nc3 g6 6. f4 Bg7 7. Be3 O-O 8. Qd2 Nc6 {B09: Pirc Defence: Austrian Attack.} 9. Be2 Qa5 (9... Nxd4 $11 10. Bxd4 e5) 10. Nb3 $1 $14 {[%cal Rb3a5]} Qc7 {[#] White is slightly better.} 11. Bf3 $146 ({Predecessor:} 11. h3 Be6 12. O-O Rad8 13. Nd5 Qb8 14. Bf3 Rd7 15. c4 Rc8 16. Rac1 b6 17. Nd4 Nxd4 18. Bxd4 Bxd5 19. exd5 {0-1 (67) Babula,M (2297)-Belunek,V (2277) Czechia 2010}) 11... a5 12. a4 Be6 13. O-O Nb4 14. h3 Bc4 15. Rfd1 e6 16. g4 (16. Nd4 $16) 16... d5 $15 {White must now prevent ...dxe4.} 17. e5 Nd7 18. Bd4 {[#]} (18. Nd4 $11) 18... Rfc8 (18... g5 $1 $17 {[%mdl 512]} 19. fxg5 Bxe5 20. Bxe5 Nxe5) 19. Kg2 {[#]} ({Better is} 19. g5 $15) 19... Nb8 $2 (19... g5 $1 $19 {[%mdl 512]} 20. f5 (20. fxg5 Nxe5) 20... Nxe5) 20. Rac1 Qd7 (20... Bxb3 $11 21. cxb3 N8c6) 21. h4 (21. Nc5 $16 Qe7 22. b3) 21... N8c6 $11 22. Qe3 $2 {[%mdl 8192] [#] This costs White the game.} (22. Bf2 $11 {and White stays safe.}) 22... Nxc2 $1 $19 {[%mdl 576] Remove Defender} 23. Rxc2 {Nd2 is the strong threat.} Bxb3 24. Rcd2 Bxd1 25. Rxd1 Nxd4 26. Qxd4 Bf8 27. h5 Bc5 28. Qd2 Bb4 29. Rh1 $2 (29. f5 {only move.}) 29... Rc4 30. Kg3 {[#]} g5 $1 31. fxg5 Qc7 32. Qe3 d4 {[%mdl 64] Double Attack} 33. Qf4 dxc3 {[%mdl 64] Discovered Attack} 34. Qf6 Be7 {[%mdl 64] Discovered Attack} 35. Qh6 Qxe5+ {[%mdl 64] Double Attack. Black mates.} 36. Kh3 Bxg5 37. Bxb7 cxb2 38. Bxa8 Rc3+ 39. Kg2 Qg3+ 40. Kf1 b1=Q+ 41. Ke2 Qe3# {Accuracy: White = 41%, Black = 62%.} 0-1